000 00426nam a2200133Ia 4500
008 220217s9999 xx 000 0 und d
245 0 _aTesting of rubber and elastomers. Flexing endurance test: Determination of resistance to flex cracking.
260 _c1979
500 _aStandard number: DIN 53 522 Part 2
650 _aElastomers
650 _aFlex cracking resistance
650 _aFlexing endurance test
942 _cST
999 _c73330
_d73330